00989nam a2200217Ia 4500952009600000999001700096008004100113020001800154082002000172110005500192245013200247260006200379300001800441500002700459519004300486650007200529650004900601650006500650710004900715942000700764 00104070a22b22d2007-01-25l0o343.0972 M573mp01 008857r2012-06-24t1w2012-06-24yLB c59278d59278120622s9999 xx 000 0 und d a970-712-305.2 a343.0972bM573m aMéxico. Suprema Corte de Justicia de la Nación aLos medios de difusión de la jurisprudencia del Poder Judicial de la Federaciónc/ Suprema Corte de Justicia de la Nación aMéxicob : Suprema Corte de Justicia de la Naciónc,  a124 páginas aIncluye bibliografía aMaterial Complementario /d(01 008857)14aSISTEMAS DE INFORMACIÓN EN ADMINISTRACIÓN DE JUSTICIAzMÉXICO24aMÉXICO. PODER JUDICIAL DE LA FEDERACIÓN 24aSISTEMAS DE ALMACENAMIENTO Y RECUPERACIÓN DE INFORMACIÓN aPoder Judicial de la Federación.cMéxico cLB